Detalles MARC
| 000 -LEADER |
| fixed length control field |
00965nam a2200277 a 4500 |
| 001 - CONTROL NUMBER |
| control field |
000012920 |
| 003 - CONTROL NUMBER IDENTIFIER |
| control field |
DO-SdBNP |
| 005 - DATE AND TIME OF LATEST TRANSACTION |
| control field |
20150813153625.0 |
| 007 - PHYSICAL DESCRIPTION FIXED FIELD--GENERAL INFORMATION |
| fixed length control field |
000012920 |
| 008 - FIXED-LENGTH DATA ELEMENTS--GENERAL INFORMATION |
| fixed length control field |
140626s2014 dr a 000 0 spa d |
| 020 ## - INTERNATIONAL STANDARD BOOK NUMBER |
| International Standard Book Number |
9789945889376 |
| 040 ## - CATALOGING SOURCE |
| Original cataloging agency |
BPMSU |
| Language of cataloging |
spa |
| Transcribing agency |
BPMSU |
| 092 ## - LOCALLY ASSIGNED DEWEY CALL NUMBER (OCLC) |
| Classification number |
xxxx |
| Item number |
xxxx |
| 100 1# - MAIN ENTRY--PERSONAL NAME |
| Personal name |
Luciano López, Margarita |
| 245 10 - TITLE STATEMENT |
| Title |
De escuela, tesoros y amigos : |
| Remainder of title |
novela infanto-juvenil / |
| Statement of responsibility, etc. |
Margarita Luciano López ; ilustraciones Maritza Miari G. |
| 260 ## - PUBLICATION, DISTRIBUTION, ETC. (IMPRINT) |
| Place of publication, distribution, etc. |
Santo Domingo : |
| Name of publisher, distributor, etc. |
Opus, |
| Date of publication, distribution, etc. |
2014. |
| 300 ## - PHYSICAL DESCRIPTION |
| Extent |
133 p. : |
| Other physical details |
il. ; |
| Dimensions |
22 cm. |
| 500 ## - GENERAL NOTE |
| General note |
Incluye datos biográficos de la autora en la contracubierta |
| 500 ## - GENERAL NOTE |
| General note |
Incluye notas a pie de páginas |
| 930 #1 - EQUIVALENCE OR CROSS-REFERENCE-UNIFORM TITLE HEADING [LOCAL, CANADA] |
| Language of a work |
BND01 |
| Medium of performance for music |
LF1 |
| Field link and sequence number |
20091118 |
| Date of a work |
01 |
| Name of part/section of a work |
HD |
| Miscellaneous information |
7855 |
| 930 #1 - EQUIVALENCE OR CROSS-REFERENCE-UNIFORM TITLE HEADING [LOCAL, CANADA] |
| Language of a work |
BND01 |
| Medium of performance for music |
LF1 |
| Field link and sequence number |
20150812 |
| Date of a work |
01 |
| Name of part/section of a work |
HD |
| Miscellaneous information |
50064 |
| Medium |
e. 2 |
| 942 ## - ADDED ENTRY ELEMENTS (KOHA) |
| Source of classification or shelving scheme |
Dewey Decimal Classification |
| Koha item type |
Libros |
| 956 ## - LOCAL ELECTRONIC LOCATION AND ACCESS (OCLC) |
| Host name |
BTAVAREZ |
| Access number |
10 |
| Compression information |
20100211 |
| Logon |
BND01 |
| Processor of request |
1548 |
| 956 ## - LOCAL ELECTRONIC LOCATION AND ACCESS (OCLC) |
| Host name |
YLOCKWARD |
| Access number |
10 |
| Compression information |
20150812 |
| Logon |
BND01 |
| Processor of request |
1544 |
| 956 ## - LOCAL ELECTRONIC LOCATION AND ACCESS (OCLC) |
| Host name |
VMATEO |
| Access number |
10 |
| Compression information |
20150813 |
| Logon |
BPMSU |
| Processor of request |
00151 |